European journal on criminal policy and research

Detalles Bibliográficos
Formato: Electrónico Revista
Lenguaje:inglés
Publicado: [Dordrecht] : Kluwer Academic Publishers
[Dordrecht] : Springer Netherlands
Materias:
Acceso en línea:Full text available from Research Library: 01/01/1997 to 1 year ago

MARC

LEADER 00000nas a2200000 a 4500
001 ssj0011562
003 WaSeSS
005 20200512172242.0
006 m d
007 cr n
008 990617c19939999ne qr pss 0 0eng c
010 |a  2007233727 
016 7 |a 2015435-5  |2 DE-600 
022 |a 1572-9869  |l 0928-1371  |y 0928-1371 
035 |a (WaSeSS)ssj0011562 
037 |b Kluwer Academic Publishers, Spuiboulevard 50, P.O. Box 17, 3300 AA Dordrecht, The Netherlands 
040 |a F#A  |b eng  |c F#A  |d OCLCQ  |d MUQ  |d OCLCQ  |d GUA  |d MYG  |d OCLCQ  |d OCLCA  |d OCLCQ  |d OCLCF  |d OCLCO  |d OCLCQ  |d AU@  |d VT2  |d NJT  |d DLC  |d WaSeSS 
042 |a pcc 
043 |a e------ 
050 0 0 |a HV6001 
082 0 4 |a 364 
130 0 |a European journal on criminal policy and research (Online) 
245 1 0 |a European journal on criminal policy and research  |h [electronic resource]. 
260 |a [Dordrecht] :  |b Kluwer Academic Publishers 
260 3 |3 <2009-> :  |a [Dordrecht] :  |b Springer Netherlands 
310 |a Quarterly 
362 1 |a Began with v. 1, no. 1 (Mar. 1993). 
506 |a License restrictions may limit access. 
515 |a Some issues combined. 
538 |a Mode of access: World Wide Web. 
588 |a Description based on: Vol. 1, no. 1 (Mar. 1993); title from journal contents page (SpringerLink, viewed Nov. 5, 2009). 
588 |a Latest issue consulted: Vol. 25, issue 3 (Sept. 2019); (SpringerLink, viewed Oct. 15, 2019). 
650 0 |a Criminology  |z Europe  |v Periodicals. 
650 0 |a Crime  |z Europe  |v Periodicals. 
650 6 |a Criminologie  |z Europe  |v Périodiques. 
650 6 |a Criminalité  |z Europe  |v Périodiques. 
650 6 |a Délinquance juvénile  |z Europe  |v Périodiques. 
650 7 |a Crime.  |2 fast  |0 (OCoLC)fst00882984 
650 7 |a Criminology.  |2 fast  |0 (OCoLC)fst00883566 
651 7 |a Europe.  |2 fast  |0 (OCoLC)fst01245064 
655 0 |a Electronic journals. 
776 0 8 |i Print version:  |t European journal on criminal policy and research  |x 0928-1371  |w (DLC)sn 94030677  |w (OCoLC)28755272 
850 |a DLC 
856 4 0 |z Full text available from Research Library: 01/01/1997 to 1 year ago  |u https://search.proquest.com/publication/25811